[Event "Bucaramanga Santander-chT"]
[Site "Bucaramanga"]
[Date "2024.08.19"]
[Round "5.2"]
[White "Albarracin Ramirez, Jose Luis"]
[Black "Abril, Elkin Armando"]
[Result "1/2-1/2"]
[WhiteElo "1711"]
[BlackElo "1600"]
[PlyCount "68"]
[EventDate "2024.08.17"]
[EventType "team-swiss"]
[EventRounds "6"]
[EventCountry "COL"]
[SourceTitle "EXT 2025"]
[Source "ChessBase"]
[SourceDate "2024.10.14"]
[SourceVersion "1"]
[SourceVersionDate "2024.10.14"]
[SourceQuality "1"]
[WhiteTeam "Cabeza Peluqueria"]
[BlackTeam "Piedecuesta"]
[WhiteTeamCountry "COL"]
[BlackTeamCountry "COL"]

1. d4 Nf6 2. Bf4 c5 3. e3 e6 4. Nf3 Be7 5. Bd3 Nh5 6. Bxb8 Rxb8 7. Ne5 Nf6 8. c3 d6 9. Bb5+ Bd7 10. Nxd7 Nxd7 11. Qa4 cxd4 12. exd4 a6 13. Bxd7+ Qxd7 14. Qxd7+ Kxd7 15. Nd2 b5 16. 0-0 Rhc8 17. Rac1 d5 18. f4 Bf6 19. Nf3 b4 20. Ne5+ Bxe5 21. fxe5 bxc3 22. bxc3 Ke7 23. Rc2 f6 24. exf6+ gxf6 25. Rcf2 f5 26. Rf3 Rb2 27. Rh3 Rxa2 28. Rxh7+ Kf6 29. Rh6+ Kf7 30. Rb1 Rxc3 31. Rb7+ Kg8 32. h4 Rg3 33. Rxe6 Raxg2+ 34. Kf1 Rg1+ 1/2-1/2

[Event "Bucaramanga Santander-chT"]
[Site "Bucaramanga"]
[Date "2024.08.19"]
[Round "6.2"]
[White "Albarracin Ramirez, Jose Luis"]
[Black "Virviescas Sanchez, Christian Stewart"]
[Result "1/2-1/2"]
[WhiteElo "1711"]
[BlackElo "1798"]
[PlyCount "39"]
[EventDate "2024.08.17"]
[EventType "team-swiss"]
[EventRounds "6"]
[EventCountry "COL"]
[SourceTitle "EXT 2025"]
[Source "ChessBase"]
[SourceDate "2024.10.14"]
[SourceVersion "1"]
[SourceVersionDate "2024.10.14"]
[SourceQuality "1"]
[WhiteTeam "Cabeza Peluqueria"]
[BlackTeam "UIS"]
[WhiteTeamCountry "COL"]
[BlackTeamCountry "COL"]

1. d4 d5 2. Bf4 Nf6 3. Nf3 e6 4. c3 c5 5. e3 Nc6 6. Bd3 Bd6 7. Ne5 Bxe5 8. dxe5 Nd7 9. Qh5 g6 10. Qh6 Qe7 11. Bg3 Qf8 12. Qxf8+ Nxf8 13. Bb5 Bd7 14. Bxc6 Bxc6 15. 0-0 0-0-0 16. Nd2 Nd7 17. Nf3 h6 18. Rad1 Nb6 19. b3 Rd7 20. Rd2 1/2-1/2

[Event "Bucaramanga Santander-chT"]
[Site "Bucaramanga"]
[Date "2024.08.18"]
[Round "4.2"]
[White "Remolina Garcia, Mayra Xiomara"]
[Black "Albarracin Ramirez, Jose Luis"]
[Result "1-0"]
[WhiteElo "1718"]
[BlackElo "1711"]
[PlyCount "99"]
[EventDate "2024.08.17"]
[EventType "team-swiss"]
[EventRounds "6"]
[EventCountry "COL"]
[SourceTitle "EXT 2025"]
[Source "ChessBase"]
[SourceDate "2024.10.14"]
[SourceVersion "1"]
[SourceVersionDate "2024.10.14"]
[SourceQuality "1"]
[WhiteTeam "MadriMara"]
[BlackTeam "Cabeza Peluqueria"]
[WhiteTeamCountry "COL"]
[BlackTeamCountry "COL"]

1. d4 Nf6 2. Bf4 d6 3. Nc3 g6 4. e4 Bg7 5. Qd2 0-0 6. 0-0-0 Nc6 7. f3 Nh5 8. Bh6 e5 9. d5 Ne7 10. g4 Nf6 11. h4 Re8 12. Bxg7 Kxg7 13. h5 Rh8 14. Nge2 h6 15. hxg6 fxg6 16. g5 hxg5 17. Bg2 Nh7 18. Rh2 Bd7 19. Rdh1 Qf8 20. Nd1 Qf6 21. Ne3 Raf8 22. Qa5 g4 23. Nxg4 Bxg4 24. fxg4 Qg5+ 25. Kb1 Nf6 26. Rxh8 Rxh8 27. Rxh8 Kxh8 28. Qxc7 Nxg4 29. Bf3 Nh2 30. Bh1 Qh4 31. Qd8+ Kg7 32. Qxd6 Nf1 33. Qxe5+ Kh7 34. b3 Ne3 35. Bf3 Qe1+ 36. Nc1 Ng8 37. Qh2+ Kg7 38. Qe2 Qc3 39. Nd3 Qd4 40. c3 Qb6 41. Nf4 Nf6 42. Ne6+ Kf7 43. Nd4 Nexd5 44. exd5 Qd6 45. c4 Kg7 46. Ne6+ Kg8 47. Qg2 Kf7 48. Be4 Nxe4 49. Qxe4 Qg3 50. Qf4+ 1-0

[Event "Bucaramanga Santander-chT"]
[Site "Bucaramanga"]
[Date "2024.08.17"]
[Round "1.2"]
[White "Albarracin Ramirez, Jose Luis"]
[Black "Carvajal Barreto, Gian Lucas"]
[Result "1-0"]
[WhiteElo "1711"]
[BlackElo "1422"]
[PlyCount "63"]
[EventDate "2024.08.17"]
[EventType "team-swiss"]
[EventRounds "6"]
[EventCountry "COL"]
[SourceTitle "EXT 2025"]
[Source "ChessBase"]
[SourceDate "2024.10.14"]
[SourceVersion "1"]
[SourceVersionDate "2024.10.14"]
[SourceQuality "1"]
[WhiteTeam "Cabeza Peluqueria"]
[BlackTeam "Pollitoschess"]
[WhiteTeamCountry "COL"]
[BlackTeamCountry "COL"]

1. d4 d5 2. Bf4 Nc6 3. Nc3 Bf5 4. f3 Nf6 5. a3 e6 6. e3 Bd6 7. Bxd6 Qxd6 8. Bd3 Bg6 9. Nge2 0-0-0 10. f4 Ne4 11. Bxe4 dxe4 12. Ng3 f5 13. Qe2 Rhe8 14. 0-0-0 Qe7 15. Qb5 a6 16. Qa4 Na7 17. Rd2 Qd7 18. Rhd1 Nb5 19. Nxb5 Qxb5 20. Qxb5 axb5 21. d5 exd5 22. Rxd5 c6 23. Rxd8+ Rxd8 24. Rxd8+ Kxd8 25. Kd2 Kd7 26. Kc3 Kd6 27. Kd4 b6 28. b4 Ke6 29. c4 bxc4 30. Kxc4 Kd6 31. a4 Bf7+ 32. Kd4 1-0